<?xml version="1.0" encoding="UTF-8"?>
<marc:record xmlns:marc="http://www.loc.gov/MARC21/slim">
   <marc:leader>00000nam a2200000 a 4500</marc:leader>
   <marc:datafield ind1="1" ind2=" " tag="100">
      <marc:subfield code="a">George, Nina</marc:subfield>
      <marc:subfield code="4">aut</marc:subfield>
      <marc:subfield code="e">Verfasser/-in</marc:subfield>
   </marc:datafield>
   <marc:datafield ind1="1" ind2=" " tag="100">
      <marc:subfield code="a">Gawlich, Cathlen</marc:subfield>
      <marc:subfield code="4">stl</marc:subfield>
      <marc:subfield code="e">Erzähler/-in</marc:subfield>
   </marc:datafield>
   <marc:datafield ind1="1" ind2=" " tag="100">
      <marc:subfield code="a">Weigert, Jacob</marc:subfield>
      <marc:subfield code="4">stl</marc:subfield>
      <marc:subfield code="e">Erzähler/-in</marc:subfield>
   </marc:datafield>
   <marc:datafield ind1="1" ind2=" " tag="100">
      <marc:subfield code="a">Barenberg, Richard</marc:subfield>
      <marc:subfield code="4">stl</marc:subfield>
      <marc:subfield code="e">Erzähler/-in</marc:subfield>
   </marc:datafield>
   <marc:datafield ind1=" " ind2=" " tag="653">
      <marc:subfield code="a">Lavendelzimmer</marc:subfield>
   </marc:datafield>
   <marc:datafield ind1=" " ind2=" " tag="653">
      <marc:subfield code="a">Mehrstimmige Hörbuchinszenierung</marc:subfield>
   </marc:datafield>
   <marc:datafield ind1=" " ind2=" " tag="653">
      <marc:subfield code="a">New-York-Times-Bestseller</marc:subfield>
   </marc:datafield>
   <marc:datafield ind1=" " ind2=" " tag="653">
      <marc:subfield code="a">Traum</marc:subfield>
   </marc:datafield>
   <marc:datafield ind1=" " ind2=" " tag="653">
      <marc:subfield code="a">Unfall</marc:subfield>
   </marc:datafield>
   <marc:datafield ind1=" " ind2=" " tag="653">
      <marc:subfield code="a">Kassette / Belletristik/Gegenwartsliteratur (ab 1945)</marc:subfield>
   </marc:datafield>
   <marc:datafield ind1=" " ind2=" " tag="653">
      <marc:subfield code="a">CD</marc:subfield>
   </marc:datafield>
   <marc:datafield ind1=" " ind2=" " tag="653">
      <marc:subfield code="a">Hörbuch</marc:subfield>
   </marc:datafield>
   <marc:datafield ind1=" " ind2=" " tag="653">
      <marc:subfield code="a">Fiktionale Darstellung</marc:subfield>
   </marc:datafield>
   <marc:datafield ind1=" " ind2=" " tag="653">
      <marc:subfield code="a">Erzählende Literatur: Gegenwartsliteratur ab 1945</marc:subfield>
   </marc:datafield>
   <marc:datafield ind1="0" ind2="0" tag="245">
      <marc:subfield code="a">Cathleen GAwlich, Richard Barenberg und Jacob Weigert lesen Nina Gorge, Das Traumbuch</marc:subfield>
   </marc:datafield>
   <marc:datafield ind1=" " ind2="1" tag="264">
      <marc:subfield code="a">Berlin</marc:subfield>
      <marc:subfield code="b">Argon Verlag GmbH</marc:subfield>
      <marc:subfield code="c">2017</marc:subfield>
   </marc:datafield>
   <marc:datafield ind1="1" ind2=" " tag="490">
      <marc:subfield code="a">Argon Hörbuch</marc:subfield>
   </marc:datafield>
   <marc:datafield ind1=" " ind2=" " tag="250">
      <marc:subfield code="a">Ungekürzte Lesung</marc:subfield>
   </marc:datafield>
   <marc:datafield ind1="1" ind2=" " tag="520">
      <marc:subfield code="a">Angaben aus der Verlagsmeldung

Das Traumbuch George, Das Traumbuch / von Nina George

Es gibt kein Richtig. Es gibt kein Falsch. Es gibt nur das, was ungetan geblieben ist.Ein Unfall verändert die Leben dreier Menschen: Edwinna, genannt Eddie, die Verlegerin für Phantastische Literatur mit besonderem Gespür für das Wunderbare. Sam, der hochbegabte 13-Jährige, der Klänge als Farben sieht und Menschen, Orte oder Stimmungen intensiver wahrnimmt als andere. Und Henri, Eddies einstiger Geliebter sowie Sams Vater. Der ehemalige Kriegsreporter war nach dem Unfall acht Minuten lang tot und kämpft nun darum, aus dem Koma zu erwachen. Denn von dort, wo er beinah verloren gegangen ist, bringt er eine Botschaft für die, die er liebt. Nina George erzählt von den unbekannten Welten zwischen Leben und Tod, Realität und Traum – und von den kleinen Momenten, in denen sich Türen zu ganz anderen Lebenswegen öffnen, die zu gehen wir uns nur nicht trauen.
</marc:subfield>
   </marc:datafield>
   <marc:datafield ind1=" " ind2=" " tag="020">
      <marc:subfield code="a">9783839893333</marc:subfield>
      <marc:subfield code="9">9783839893333</marc:subfield>
   </marc:datafield>
   <marc:datafield ind1=" " ind2=" " tag="020">
      <marc:subfield code="a">383989333X</marc:subfield>
      <marc:subfield code="9">383989333X</marc:subfield>
   </marc:datafield>
   <marc:datafield ind1=" " ind2=" " tag="041">
      <marc:subfield code="a">ger</marc:subfield>
   </marc:datafield>
   <marc:datafield ind1=" " ind2=" " tag="300">
      <marc:subfield code="a">7 CDs</marc:subfield>
   </marc:datafield>
</marc:record>
